ბათუმის შოთა რუსთაველის სახელმწიფო უნივერსიტეტის ბიბლიოთეკა

კლინიკური ნევროლოგია : (ბიბ.ჩანაწერი № 34732)

000 -ლიდერი
ფიქსირებული სიგრძის საკონტროლო ველი 01321nam a2200265Ia 4500
001 - საკონტროლო ნომერი
საკონტროლო ველი 519
003 - საკონტროლო ნომრის იდენტიფიკატორი
საკონტროლო ველი GE_BSU
005 - ბოლო ოპერაციის თარიღი და დრო
საკონტროლო ველი 20200122144558.0
008 - ფიქსირებული სიგრძის მონაცემთა ელემენტები - ზოგადი ინფორმაცია
ფიქსირებული სიგრძის საკონტროლო ველი 181216s2009||||ge |||||||||||||| ||geo||
020 ## - წიგნის საერთაშორისო სტანდარტული ნომერი
International Standard Book Number 9789941019043
040 ## - კატალოგიზაციის წყარო
Transcribing agency GE_BSU
041 ## - ენის კოდი
Language code of text/sound track or separate title geo
080 ## - უნივერსალური ათობითი კლასიფიკაციის ინდექსი
Universal Decimal Classification number 616.8(075.8) ჯ-22
100 ## - მთავარი ჩანაწერი - პიროვნების სახელი
Personal name ჯანელიძე, მარინე
9 (RLIN) 6316
245 ## - ცნობა სათაურის შესახებ
Title კლინიკური ნევროლოგია :
Remainder of title სტუდენტებისთვის, რეზიდენტებისთვის, ექიმებისთვის /
Statement of responsibility, etc მარინე ჯანელიძე ; [თანამონაწილენი: სოფიო აფრიდონიძე, სოფიო ბახტაძე, მაია ბერიძე [და სხვ.]].
264 ## - წარმოების, გამოცემის, დისტრიბუციის და სხვა ცნობები
გამოცემის, წარმოების, დისტრიბუციის... ადგილი თბილისი :
გამოცემის, წარმოების, დისტრიბუციის... სახელწოდება კალიქსი,
გამოცემის, წარმოების, დისტრიბუციის... თარიღი 2009.
300 ## - ფიზიკური აღწერა
Extent 724 გვ.:
Other physical details ილ.;
Dimensions 26 სმ.
653 ## - INDEX TERM--UNCONTROLLED
Uncontrolled term ნევროლოგია
653 ## - INDEX TERM--UNCONTROLLED
Uncontrolled term მედიცინა
700 ## - ADDED ENTRY--PERSONAL NAME
Personal name აფრიდონიძე, სოფიო
Relator term ავტორი
9 (RLIN) 6317
700 ## - ADDED ENTRY--PERSONAL NAME
Personal name ბახტაძე, სოფიო
Relator term ავტორი
9 (RLIN) 6318
700 ## - ADDED ENTRY--PERSONAL NAME
Personal name ბერიძე, მაია და სხვ.
Relator term ავტორი
9 (RLIN) 6319
942 ## - ADDED ENTRY ELEMENTS (KOHA)
Koha item type წიგნი
Source of classification or shelving scheme
ეგზემპლარები
ჩამოწერის სტატუსი დაკარგული ეგზემპლარის სტატუსი კლასიფიკაციის წყარო ან თაროზე გაწყობის სქემა დაზიანების სტატუსი არ გაიცემა მუდმივი მდებარეობა (დაცვის ადგილი) ამჟამინდელი ადგილსამყოფელი თაროზე განთავსების ადგილი შეძენის თარიღი ღირებულება, შესყიდვის ნორმალური ფასი სრული შენახვის შიფრი შტრიხკოდი ბოლო ოპერაციის თარიღი ეგზემპლარის მიმდევრობითი ნომერი (კეტერი?) ფასის ძალაში შესვლის თარიღი ეგზემპლარის სახეობა საჯარო შენიშვნა
          ბათუმის შოთა რუსთაველის სახელმწიფო უნივერსიტეტის მთავარი ბიბლიოთეკა ბათუმის შოთა რუსთაველის სახელმწიფო უნივერსიტეტის მთავარი ბიბლიოთეკა წიგნსაცავი 2018-12-17 40.00 616.8(075.8) ჯ-22 107 2018-12-17 107 2018-12-17 წიგნი 40 ლ.
          ბათუმის შოთა რუსთაველის სახელმწიფო უნივერსიტეტის მთავარი ბიბლიოთეკა ბათუმის შოთა რუსთაველის სახელმწიფო უნივერსიტეტის მთავარი ბიბლიოთეკა წიგნსაცავი 2018-12-17 40.00 616.8(075.8) ჯ-22 108 2018-12-17 108 2018-12-17 წიგნი 40 ლ.
          ბათუმის შოთა რუსთაველის სახელმწიფო უნივერსიტეტის მთავარი ბიბლიოთეკა ბათუმის შოთა რუსთაველის სახელმწიფო უნივერსიტეტის მთავარი ბიბლიოთეკა წიგნსაცავი 2018-12-17 40.00 616.8(075.8) ჯ-22 109 2018-12-17 109 2018-12-17 წიგნი 40 ლ.
          ბათუმის შოთა რუსთაველის სახელმწიფო უნივერსიტეტის მთავარი ბიბლიოთეკა ბათუმის შოთა რუსთაველის სახელმწიფო უნივერსიტეტის მთავარი ბიბლიოთეკა წიგნსაცავი 2018-12-17 40.00 616.8(075.8) ჯ-22 110 2018-12-17 110 2018-12-17 წიგნი 40 ლ.
          ბათუმის შოთა რუსთაველის სახელმწიფო უნივერსიტეტის მთავარი ბიბლიოთეკა ბათუმის შოთა რუსთაველის სახელმწიფო უნივერსიტეტის მთავარი ბიბლიოთეკა წიგნსაცავი 2018-12-17 40.00 616.8(075.8) ჯ-22 111 2018-12-17 111 2018-12-17 წიგნი 40 ლ.
          ბათუმის შოთა რუსთაველის სახელმწიფო უნივერსიტეტის მთავარი ბიბლიოთეკა ბათუმის შოთა რუსთაველის სახელმწიფო უნივერსიტეტის მთავარი ბიბლიოთეკა წიგნსაცავი 2018-12-17 40.00 616.8(075.8) ჯ-22 112 2018-12-17 112 2018-12-17 წიგნი 40 ლ.
          ბათუმის შოთა რუსთაველის სახელმწიფო უნივერსიტეტის მთავარი ბიბლიოთეკა ბათუმის შოთა რუსთაველის სახელმწიფო უნივერსიტეტის მთავარი ბიბლიოთეკა წიგნსაცავი 2018-12-17 40.00 616.8(075.8) ჯ-22 113 2018-12-17 113 2018-12-17 წიგნი 40 ლ.
          ბათუმის შოთა რუსთაველის სახელმწიფო უნივერსიტეტის მთავარი ბიბლიოთეკა ბათუმის შოთა რუსთაველის სახელმწიფო უნივერსიტეტის მთავარი ბიბლიოთეკა წიგნსაცავი 2018-12-17 40.00 616.8(075.8) ჯ-22 114 2018-12-17 114 2018-12-17 წიგნი 40 ლ.
          ბათუმის შოთა რუსთაველის სახელმწიფო უნივერსიტეტის მთავარი ბიბლიოთეკა ბათუმის შოთა რუსთაველის სახელმწიფო უნივერსიტეტის მთავარი ბიბლიოთეკა წიგნსაცავი 2018-12-17 40.00 616.8(075.8) ჯ-22 115 2018-12-17 115 2018-12-17 წიგნი 40 ლ.
          ბათუმის შოთა რუსთაველის სახელმწიფო უნივერსიტეტის მთავარი ბიბლიოთეკა ბათუმის შოთა რუსთაველის სახელმწიფო უნივერსიტეტის მთავარი ბიბლიოთეკა წიგნსაცავი 2018-12-17 40.00 616.8(075.8) ჯ-22 116 2018-12-17 116 2018-12-17 წიგნი 40 ლ.